000 00571nam a2200205 i 4500
001 bgj
100 1 _aEARECKSON, Joni
245 1 0 _aJoni /
_cby Joni Eareckson with Joe Musser.
260 _aGrand Rapids :
_bZondervan Publishing House,
_cc. 1976.
300 _a208 pp, [8] leaves of plates :
_bill. ;
_c21 cm.
650 9 _aTetraplegia
655 _aPersonal narratives
700 1 _aMUSSER, Joe.
_ejoint author
020 _a0310239613
040 _cBPK
041 0 _aeng
920 _a0-310-23961-3
942 _cKS
008 s uk f |000 0 eng
999 _c48641
_d48641
856 _uhttp://koha.tu.koszalin.pl/cgi-bin/koha/opac-detail.pl?biblionumber=48641
_yKatalog online BPK